000 00649nam a2200253Ia 4500
003 OSt
005 20221007063325.0
006 a|||||r|||| 00| 0
007 ta
008 221006b |||||||| |||| 00| 0 eng d
024 _a21,522
037 _cTextual
040 _aFLL
_cFLL
_beng
041 _2eng
_aeng
082 _aZ2:805, K02
100 _aRatanlal
245 0 _aCriminal procedure code
250 _a9th
260 _aBombay
_bThe Bombay Reporter Office India
_c1960
300 _alviii,748p
_ccm.
700 _a Dhirajlal
942 _hZ2:805, K02
_cTEXL
_2CC
999 _c1130966
_d1130966